MDQL
is popping MORE tags! Check the
thread
!
Quizzes
Events
Quiz Creation
Community
Videos
Private Events
Remove Ads
Sign In
Join for FREE
Feedback
Dark Mode
Quiz Categories
Sports
Geography
Music
Movies
Television
Just For Fun
Miscellaneous
History
Literature
Language
Science
Gaming
Entertainment
Religion
Holiday
For Kids
Quiz Lab
Recent
Popular Today
Quiz Kudos Today
Editor Picks
Curator Picks
Quizzes by...
Day
Popularity
Type
Ratings
Length
Year
Community
Subscriptions
Recent Discussions
Orange Saloon
Badges
Playlists
Quests
Create
Leaderboards
Showdown
Live 5
Trivia Bingo
Activity
Puzzle Library
Sporcle Events
Private Events
Virtual Trivia
Globe League
Become a Host
Pub Owners
SporcleCon
Opinionation
Our Games
Videos
Blog
Mobile Apps
Partnerships
Remove Ads and Go Orange
Feedback
Miscellaneous
Crossword
General Knowledge
Baby Names
Logo
Food
Cars
Numbers
Grab Bag
University
College
Popular
Company
Slogans
Restaurants
Justice
Letter
Miscellaneous
Crossword
General Knowledge
Baby Names
Logo
Food
Cars
Numbers
Grab Bag
University
College
Popular
Company
Slogans
Restaurants
Justice
Letter
Random Quiz
Search Sporcle
×
Quiz Lab
Quiz Lab
Miscellaneous
Country
Type in answers that appear in a list
Type in answers that appear in a list
Classic
Best Score? Go Orange.
Car Manufacturers(extreme) Stats
Can you name the Car Manufacturers (extreme)?
By
rws0704
12m
99 Questions
39 Plays
39 Plays
39 Plays
Comments
Comments
Give Quiz Kudos
Give Quiz Kudos
-
- Ratings
hide this ad
More Info
Random Order
Randomize order of answers
Randomize order of answers
Replay
Link that replays current quiz
Next Quiz
Link to next quiz in quiz playlist
You Got
0%
They Got
Avg Score
52%
Avg Friend Score
Upgrade to see
Score Distribution
Jump to the score distribution portion of the page
Score
0/99
Timer
12:00
0
Plays Today
Country
Car Manufacturer
% Correct
USA
Chevrolet
87.2%
USA
Ford
87.2%
Germany
Audi
87.2%
Italy
Ferrari
82.1%
Germany
BMW
79.5%
Germany
Volkswagen
79.5%
Italy
Fiat
79.5%
Italy
Lamborghini
79.5%
Korea
Hyundai
76.9%
USA
Dodge
74.4%
Sweden
Volvo
74.4%
Germany
Mercedes-Benz
74.4%
Germany
Porsche
74.4%
Japan
Nissan
74.4%
Japan
Mitsubishi
74.4%
Japan
Honda
74.4%
Japan
Toyota
74.4%
Korea
Kia
74.4%
France
Bugatti
71.8%
France
Renault
71.8%
UK
Jaguar
69.2%
UK
Mini
69.2%
UK
Aston Martin
69.2%
Sweden
Saab
69.2%
France
Peugeot
69.2%
Japan
Subaru
69.2%
Japan
Mazda
69.2%
USA
Chrysler
66.7%
USA
Jeep
66.7%
UK
Rolls-Royce
66.7%
Germany
Opel
66.7%
USA
GMC
65.7%
UK
Bentley
64.1%
Country
Car Manufacturer
% Correct
UK
Land Rover
64.1%
Spain
Seat
64.1%
Japan
Lexus
64.1%
USA
Pontiac
61.5%
USA
Lincoln
61.5%
USA
Cadillac
61.5%
Czech Republic
Skoda
61.5%
Japan
Suzuki
61.5%
UK
Vauxhall
59%
Italy
Alfa Romeo
59%
Italy
Lancia
59%
Japan
Infiniti
59%
USA
Oldsmobile
56.4%
USA
Buick
56.4%
UK
McLaren
56.4%
France
Citroen
56.4%
Italy
Maserati
56.4%
Romania
Dacia
56.4%
USA
Mercury
53.8%
USA
Saturn
53.8%
USA
Hummer
53.8%
UK
Lotus
53.8%
Russia
Lada
53.8%
Japan
Acura
53.8%
Korea
Daewoo
53.8%
Australia
Holden
53.8%
USA
Tesla
51.3%
Sweden
Koenigsegg
51.3%
Germany
Smart
51.3%
Japan
Datsun
51.3%
USA
Plymouth
48.7%
Japan
Isuzu
48.7%
USA
Ram
46.2%
Country
Car Manufacturer
% Correct
Italy
Pagani
46.2%
India
Tata
43.6%
UK
Caterham
41%
Germany
Maybach
41%
Japan
Daihatsu
41%
USA
American Motors Corporations
38.5%
UK
MG
38.5%
UK
Austin
38.5%
Japan
Scion
37.1%
UK
Noble
33.3%
UK
Ariel
33.3%
Netherlands
Spyker
33.3%
Germany
Gumpert
33.3%
Italy
Abarth
33.3%
Austria
KTM
33.3%
Malaysia
Proton
33.3%
Korea
Ssangyong
30.8%
UK
Morgan
28.2%
USA
Eagle
25.6%
USA
Saleen
25.6%
UK
Delorean
25.6%
UK
Ascari
25.6%
Korea
Genesis
25.6%
USA
Studebaker
23.1%
Italy
De Tomaso
23.1%
Malaysia
Perodua
21.2%
USA
Hudson
20.5%
USA
Hennessy
17.9%
UK
Ultima
17.9%
UK
BAC
17.9%
Spain
GTA Spano
17.9%
Germany
Lotec
10.3%
Italy
Spada
7.7%
Quiz Playlist
Details
Report
Send in Message
Add To Playlist
More Info:
Take the hardest car manufacturer quiz! Comment if you want anything changed.
Classic:
Type in answers that appear in a list
Random Order:
Randomize order of answers
Last Updated: Feb 12, 2018
Quiz Scoreboard
CHALLENGE
Sign Up to Join the Scoreboard
Show All
Scores
Hide
Comments
May contain spoilers
Recently Published
1-10 Letter E Words III
by El_Dandy
Language
2m
Street Fighter Characters
by Artimus82
Gaming
60s
College Basketball Coaching Resumes
by pancakes188
Sports
9m
More to Explore
Quiz From the Vault
Featured Blog Post
Where Did the Easter Bunny Come From?
hide this ad
You Might Also Like...
Tags
Country Quiz
car
Car Manufacturers
Discontinued
Extreme
Manufacturer
Today's Top Quizzes in Miscellaneous
Browse Miscellaneous
hide this ad
Today's Top Quizzes in Country
Browse Country
Top Contributed Quizzes in Miscellaneous
1
5-to-1: Fast Food
2
The JOE quick-fire general knowledge quiz: Day 174
3
The JOE quick-fire general knowledge quiz: Day 173
4
5-to-1: Cocktails
5
The JOE quick-fire general knowledge quiz: Day 172
6
9x9 Crossword: Disney Movie Titles
7
9x9 Crossword: Charlie and the Chocolate Factory
8
Sunday Crossword: Famous Bodies of Water
9
The JOE quick-fire general knowledge quiz: Day 171
10
9x9 Crossword: Flags
Explore More
Trending Topics
Marvel
NBA
Anime
Disney
Kpop
Harry Potter
Crossword
WWE
Puzzle
Pokémon
Country
The Office
Song
NFL
Soccer
hide this ad
More By:
rws0704
Quiz
Plays
Rating
Category
Featured
Created
Car Manufacturers(extreme)
39
Miscellaneous
Feb 8, 2018
Go to Creator's Profile
Score Distribution
Quiz Creator Spotlight
rws0704
Follow
Send a Message
Quizzes Created
-
Created Quiz Play Count
-
More By This Creator
Popular Quizzes Today
1
Find the US States - No Outlines Minefield
2
Find the Countries of Europe - No Outlines Minefield
3
The Countries of the World
4
Find the US States
5
Risky Map Clicking: Biggest States A-Z
6
US States
7
Popular People in 1961
8
Movies - When Are They Set?
More Miscellaneous Quizzes
Baby Names: 'R' Girl Names by Decade
Published
Trending Quizzes
Risky Map Clicking: Least Populous States A-Z
Billboard Blitz: Aretha Franklin
Famous Russians: Author or Composer?
Countries of the World: 200 Million BC
1-10 Letter G Words
Recently Updated
Leaping Animals
pecheneg
Reality TV Shows (A-Z)
bhenderson79
Rickey Henderson's Hall of Fame Teammates
pecheneg
Champions League XIs: Arsenal
pecheneg
Quick Pick: Celebrities in WWE's Hall of Fame
aduchscher
A-Z Keypad Blitz II
pecheneg
Multiple Oscar Actors
pecheneg
Mystery Phrase Blitz: Oscar 'Best Actors'
pecheneg
F. Scott Fitzgerald Novels
LTH
Pick 3 Villains
ddd62291
Trending Topics
Marvel
Kpop
Crossword
NBA
Harry Potter
Anime
Disney
Pokémon
Country
Soccer
Puzzle
WWE
The Office
Song
NFL
Your Account Isn't Verified!
In order to create a playlist on Sporcle, you need to verify the email address you used during registration. Go to your
Sporcle Settings
to finish the process.
Report this User
Report this user for behavior that violates our
Community Guidelines
.
Details:
Send Report
Go to the Sporcle.com Mobile Site →
Comments